Central Library OPAC University of Rajshahi

Proceedings of the fourth All Pakistan political science conference 1966 / (Record no. 74769)

MARC details
000 -LEADER
fixed length control field 00659nam a22002177a 4500
001 - CONTROL NUMBER
control field 74769
003 - CONTROL NUMBER IDENTIFIER
rucl marc code BD-RjUL
005 - DATE AND TIME OF LATEST TRANSACTION
control field 20211209082610.0
008 - FIXED-LENGTH DATA ELEMENTS--GENERAL INFORMATION
fixed length control field 181202s1968 pk ||||| |||| 00| 0 eng d
035 ## - SYSTEM CONTROL NUMBER
System control number (BD-RjUL)74987
040 ## - CATALOGING SOURCE
Original cataloging agency BD-RjUL
Language of cataloging eng
Transcribing agency BD-RjUL
041 ## - LANGUAGE CODE
Language code of text/sound track or separate title eng
082 ## - DEWEY DECIMAL CLASSIFICATION NUMBER
Edition number 23
Classification number 320.9549
Author mark and year PRO 1968
245 ## - TITLE STATEMENT
Title Proceedings of the fourth All Pakistan political science conference 1966 /
Statement of responsibility, etc. Ed. by Muhammad Aziz Ahmad.
260 ## - PUBLICATION, DISTRIBUTION, ETC. (IMPRINT)
Place of publication, distribution, etc. Karachi :
Date of publication, distribution, etc. 1968.
300 ## - PHYSICAL DESCRIPTION
Pagination 284 p. ;
Size 25 cm.
650 ## - SUBJECT ADDED ENTRY--TOPICAL TERM
Topical term or geographic name as entry element Political science
Geographic subdivision Pakistan
9 (RLIN) 225508
Topical term or geographic name as entry element Politics and government
9 (RLIN) 225509
700 ## - ADDED ENTRY--PERSONAL NAME
Personal name Ahmad, Muhammad Aziz
942 ## - ADDED ENTRY ELEMENTS (KOHA)
Source of classification or shelving scheme Dewey Decimal Classification
Koha item type Books
Holdings
Lost status Source of classification or shelving scheme Damaged status Not for loan Collection code Permanent Location Current Location Shelving location Date acquired Source of acquisition Total Checkouts Full call number Date last seen Copy number Koha item type
  Dewey Decimal Classification   Not For Loan Non-fiction Central Library, University of Rajshahi Central Library, University of Rajshahi Reading Room 25/06/1969 Dr. M.A. Aziz Ahmad , Karchi   320.9549 PRO 1968 02/12/2018 C-1 Books
  Dewey Decimal Classification     Non-fiction Central Library, University of Rajshahi Central Library, University of Rajshahi   25/06/1969 Author   320.9549 PRO 1968 12/09/2021 C-2 Books